000 00653nam a2200241Ia 4500
003 OSt
005 20220916111020.0
006 a|||||r|||| 00| 0
007 ta
008 220915b |||||||| |||| 00| 0 eng d
024 _a99492
037 _cTextbook
040 _beng
_aARTS
_cARTS
041 _aeng
082 _aV1N4:19.623. N7, L4
100 _aZacklin Ralph
245 0 _aUnited Nations and Rhodesia : a study in international law
260 _aNew York
_bPraeger Publishers
300 _a188p
_ccm.
650 _aHISTORY
942 _hV1N4:19.623. N7, L4
_cTB
_2CC
999 _c103388
_d103388